Lesbian mothers : accounts of gender in American culture

Αποθηκεύτηκε σε:
Λεπτομέρειες βιβλιογραφικής εγγραφής
Κύριος συγγραφέας: Lewin, Ellen
Μορφή: Βιβλίο
Γλώσσα:English
Δημοσίευση: Cornell University Press, 1993
Σειρά:Anthropology of contemporary issues
Θέματα:
Ετικέτες: Προσθήκη ετικέτας
Δεν υπάρχουν, Καταχωρήστε ετικέτα πρώτοι!

MARC

LEADER 00000cam a2200000 i 4500
001 1/3258
008 960315s1993 eng d
020 |a 0-8014-8099-X 
035 |l 10015154 
040 |a GR-MY-UA  |b gre  |e aacr 
041 0 |a eng 
082 0 |a 306.8743086643 
100 1 |a Lewin, Ellen. 
245 1 0 |a Lesbian mothers :  |b accounts of gender in American culture /  |c Ellen Lewin 
260 |b Cornell University Press,   |c 1993 
300 |a 233 p. 
490 1 |a Anthropology of contemporary issues 
504 |a Includes bibliographical references and index 
650 0 0 |a Lesbian mothers  |z United States. 
650 0 0 |a Single mothers  |z United States. 
830 0 |a Anthropology of contemporary issues 
852 |a INST  |b LESVOS  |e 19960315  |h 306.8743086643 LEW  |p 005100006832  |q 005100006832  |t BK  |y 0 
909 |a Λ  |b 044137